The love poems of Rumi (Record no. 5110)

MARC details
000 -CABECERA
campo de control de longitud fija 02128nam a22004093i 4500
001 - NÚMERO DE CONTROL
campo de control 991027372699607026
003 - IDENTIFICADOR DEL NÚMERO DE CONTROL
campo de control UkOxU
005 - FECHA Y HORA DE LA ÚLTIMA TRANSACCIÓN
campo de control 20251024151007.0
006 - CÓDIGOS DE INFORMACIÓN DE LONGITUD FIJA--CARACTERÍSTICAS DEL MATERIAL ADICIONAL
campo de control de longitud fija m o d |
007 - CAMPO FIJO DE DESCRIPCIÓN FÍSICA--INFORMACIÓN GENERAL
campo de control de longitud fija cr cnu||||||||
008 - DATOS DE LONGITUD FIJA--INFORMACIÓN GENERAL
campo de control de longitud fija 210901s2020 xx o ||||0 eng d
020 ## - NÚMERO INTERNACIONAL ESTÁNDAR DEL LIBRO
Número Internacional Estándar del Libro 9780760368374
035 ## - NÚMERO DE CONTROL DEL SISTEMA
Número de control de sistema (CKB)4100000011459570
035 ## - NÚMERO DE CONTROL DEL SISTEMA
Número de control de sistema (MiAaPQ)EBC6352638
035 ## - NÚMERO DE CONTROL DEL SISTEMA
Número de control de sistema (Au-PeEL)EBL6352638
035 ## - NÚMERO DE CONTROL DEL SISTEMA
Número de control de sistema (OCoLC)1202459407
035 ## - NÚMERO DE CONTROL DEL SISTEMA
Número de control de sistema (Perlego)2065681
035 ## - NÚMERO DE CONTROL DEL SISTEMA
Número de control de sistema (EXLCZ)994100000011459570
040 ## - FUENTE DE LA CATALOGACIÓN
Centro catalogador/agencia de origen MiAaPQ
Lengua de catalogación eng
Normas de descripción rda
-- pn
Centro/agencia transcriptor MiAaPQ
Centro/agencia modificador MiAaPQ
041 ## - CÓDIGO DE LENGUA
Código de lengua del texto/banda sonora o título independiente eng
Código de lengua original Persian
050 00 - SIGNATURA TOPOGRÁFICA DE LA BIBLIOTECA DEL CONGRESO
Número de clasificación PK6480.E5
100 ## - ENTRADA PRINCIPAL--NOMBRE DE PERSONA
Nombre de persona Jalāl al-Dīn Rūmī, Maulana
Fechas asociadas al nombre 1207-1273
9 (RLIN) 26332
Término indicativo de función/relación author
245 14 - MENCIÓN DE TÍTULO
Título The love poems of Rumi
Resto del título / translated by Nader Khalili.
246 ## - FORMA VARIANTE DE TÍTULO
Título propio/Titulo breve Love Poems of Rumi
250 ## - MENCIÓN DE EDICIÓN
Mención de edición First edition.
260 ## - PUBLICACIÓN, DISTRIBUCIÓN, ETC.
Lugar de publicación, distribución, etc. New York, NY :
Nombre del editor, distribuidor, etc. Wellfleet Press,
Fecha de publicación, distribución, etc. 2020.
300 ## - DESCRIPCIÓN FÍSICA
Extensión 128 pages :
Otras características físicas illustratons (color) ;
Dimensiones 21 cm.
490 ## - MENCIÓN DE SERIE
Mención de serie Timeless Rumi
505 0# - NOTA DE CONTENIDO CON FORMATO
Nota de contenido con formato An Introduction to Rumi's Love Poetry — Dancing the Flame — Fountain of Fire — About the Translator.
520 ## - SUMARIO, ETC.
Sumario, etc. Translated by renowned Rumi expert Nader Khalili, over 120 poems about love from the Persian mystic poet and Sufi master have been carefully collected and curated in this beautifully illustrated edition.<br/><br/>For more than eight centuries, Jalaluddin Muhammad Balkhi Rumi—commonly referred to simply as Rumi—has enchanted and enthralled readers from every faith and background with his universal themes of love, friendship, and spirituality, which he seamlessly wove into resplendent poetry.<br/><br/>The verses herein perfectly express and are centered on the theme of love, along with the quest, desire, and deeper meanings of love for not only ourselves, but also of our fellow humankind.
588 ## - NOTA DE FUENTE DE LA DESCRIPCIÓN
Nota de fuente de la descripción Description based on publisher supplied metadata and other sources.
600 00 - PUNTO DE ACCESO ADICIONAL DE MATERIA--NOMBRE DE PERSONA
Nombre de persona Jalāl al-Dīn Rūmī,
Títulos y otros términos asociados al nombre Maulana,
Fechas asociadas al nombre 1207-1273
Subdivisión de forma Translations into English.
650 #0 - PUNTO DE ACCESO ADICIONAL DE MATERIA--TÉRMINO DE MATERIA
Término de materia o nombre geográfico como elemento de entrada Love poetry, Persian
Subdivisión de forma Translations into English
9 (RLIN) 26335
655 #0 - TÉRMINO DE INDIZACIÓN--GÉNERO/FORMA
Datos o término principal de género/forma Poetry
9 (RLIN) 23162
700 ## - ENTRADA AGREGADA--NOMBRE PERSONAL
Nombre de persona Khalili, Nader
9 (RLIN) 26333
Término indicativo de función/relación translator
942 ## - ELEMENTOS DE ENTRADA AGREGADA (KOHA)
Fuente del sistema de clasificación o colocación Clasificación de Library of Congress
Holdings
Estado de retiro Estado de pérdida Fuente del sistema de clasificación o colocación Estado dañado No para préstamo Biblioteca de origen Biblioteca actual Fecha de adquisición Total de préstamos Signatura topográfica completa Código de barras Fecha visto por última vez Número de copia Precio válido a partir de Tipo de ítem Koha
    Clasificación de Library of Congress     TBS Barcelona TBS Barcelona 24/10/2025   PO-EN RUM B05687 24/10/2025 1 24/10/2025 Book

Powered by Koha